| 000 | 01385cam a2200337 a 4500 | ||
|---|---|---|---|
| 999 |
_c234399 _d234399 |
||
| 001 | 14993344 | ||
| 003 | Nust | ||
| 005 | 20170320123611.0 | ||
| 008 | 070904s2008 nyu 000 1 eng | ||
| 010 | _a 2007036366 | ||
| 020 |
_a9780751537314 _c$24.95 |
||
| 035 | _a(OCoLC)ocn168722372 | ||
| 040 |
_aDLC _cDLC _dBTCTA _dBAKER _dYDXCP _dOCLCG _dABG _dIH7 _dC#P _dBWX _dCDX _dCQU _dNXA _dDLC |
||
| 043 | _ae-uk-en | ||
| 050 | 0 | 0 |
_aPR6118.O26 _bS57 2008 |
| 082 | 0 | 0 |
_a823.92 _bROB |
| 100 | 1 |
_aRobotham, Michael, _d1960- |
|
| 245 | 1 | 0 |
_aShatter : _ba novel / _cMichael Robotham. |
| 250 | _a1st ed. | ||
| 260 |
_aNew York : _bDoubleday, _c2008. |
||
| 300 |
_a469 p. ; _c25 cm. |
||
| 500 | _aOriginally published: Great Britain : Sphere, 2008. | ||
| 650 | 0 |
_aPsychology teachers _vFiction. |
|
| 650 | 0 |
_aSuicide _vFiction. |
|
| 651 | 0 |
_aBath (England) _vFiction. |
|
| 655 | 0 | _aPsychological fiction. | |
| 856 | 4 | 2 |
_3Contributor biographical information _uhttp://www.loc.gov/catdir/enhancements/fy0917/2007036366-b.html |
| 856 | 4 | 2 |
_3Publisher description _uhttp://www.loc.gov/catdir/enhancements/fy0917/2007036366-d.html |
| 906 |
_a7 _bcbc _corignew _d1 _eecip _f20 _gy-gencatlg |
||
| 942 |
_2ddc _cBK |
||